Comunidades de aprendizaje en el País Vasco : (Record no. 188079)

MARC details
000 -CABECERA
campo de control de longitud fija 01519nab a2200277 a 4500
005 - FECHA Y HORA DE LA ÚLTIMA TRANSACCIÓN
campo de control 20210219163058.0
008 - ELEMENTOS DE LONGITUD FIJA--INFORMACIÓN GENERAL
campo de control de longitud fija 991125s1985 mx 000 0 spa u
035 ## - NÚMERO DE CONTROL DEL SISTEMA
Número de control de sistema UPN01000215979
049 ## - COLECCIÓN
Colección ART
100 1# - ASIENTO PRINCIPAL--NOMBRE PERSONAL
Nombre de persona Cadena Chala, Martha Cecilia
100 1# - ASIENTO PRINCIPAL--NOMBRE PERSONAL
Filiación martha.cadenac@campusucc.edu.co
100 1# - ASIENTO PRINCIPAL--NOMBRE PERSONAL
Nombre de persona Orcasitas García, José Ramón
100 1# - ASIENTO PRINCIPAL--NOMBRE PERSONAL
Filiación jrorcasitas@ehu.es
222 #0 - TÍTULO CLAVE
Título clave EDUCACION Y EDUCADORES
245 00 - MENCIÓN DE TÍTULO
Título Comunidades de aprendizaje en el País Vasco :
Resto del título caracterización y organización escolar
260 ## - PUBLICACIÓN, DISTRIBUCIÓN, ETC.
Lugar de publicación, distribución, etc. Chía, Colombia
300 ## - DESCRIPCIÓN FÍSICA
Extensión 373-391
362 0# - FECHAS DE PUBLICACIÓN Y/O DESIGNACIÓN SECUENCIAL
Fecha de publicación y/o designación secuencial 2016 Volumen 19, número 3, septiembre-diciembre
520 3# - NOTA DE RESUMEN, ETC.
Sumario, etc. Las comunidades de aprendizaje se han mostrado como una propuesta de organización escolar que promueve el éxito académico y la mejora de la convivencia de los estudiantes. La experiencia está centrada en la educación participativa de la comunidad, que se concreta en todos sus espacios. Además, se enfoca en estructuras como: Relación-Interacción: formación de la comunidad. Aula: construcción en grupo. Institución: organización y apertura a la participación, red con el sistema educativo, zona y políticas educativas. Investigación cualitativa-descriptiva, con un enfoque socio-crítico
653 0# - TERMINO DE INDIZACION - NO CONTROLADO
Término no controlado PAIS VASCO
653 0# - TERMINO DE INDIZACION - NO CONTROLADO
Término no controlado COMUNIDADES DE APRENDIZAJE
653 0# - TERMINO DE INDIZACION - NO CONTROLADO
Término no controlado ORGANIZACION ESCOLAR
856 4# - LOCALIZACIÓN Y ACCESO ELECTRÓNICOS
Identificador Uniforme del Recurso <a href="http://www.redalyc.org/articulo.oa?id=83448566004">http://www.redalyc.org/articulo.oa?id=83448566004</a>
856 4# - LOCALIZACIÓN Y ACCESO ELECTRÓNICOS
Identificador Uniforme del Recurso <a href="file:///C:/Users/SUSANA/Downloads/6382-34415-2-PB.pdf">file:///C:/Users/SUSANA/Downloads/6382-34415-2-PB.pdf</a>
905 ## - TIPO DE MATERIAL
Tipo de material Articulo

No items available.